Responses for show #3757 - Tuesday, December 26, 2000

2000 Holiday Kids Week game 2.

Contestants

Benjamin Schwartz, a 12-year-old from East Providence, Rhode Island

Anastasia Knasiak, a 12-year-old from Brookfield, Illinois

Tarun Chitra, an 11-year-old from Hockessin, Delaware

Jeopardy! Round responses

PICTURE THIS
PRESENTS
THIS LAND IS YOUR LAND
NOTABLE NAMES
MUSEUMS
14-LETTER WORDS
    $100 16
St. Patrick's Day & Christmas Day

Tarun
    $100 22
("Tickle Me") Elmo

Tarun
    $100 17
California

Tarun
    $100 9
Neil Armstrong

Ana
    $100 1
Star Wars

Tarun
    $100 4
representation

Ben
    $200 27
gyroscope

Triple Stumper
    $200 23
Barbie dolls

Ana
    $200 18
the Great Salt Lake

Tarun
    $200 10
Sacajawea

Ben
    $200 2
Norway

Tarun
    $200 5
(Ana: What is alphabetical?)
...
(Alex: You were on the right track, but 2 letters short.)

alphabetically

Ana
Triple Stumper
    $300 28
Which came first, the chicken or the egg?

Ana
    $300 24
(Tarun: What is a canary?)

Tweety

TarunAna
    $300 19
-----------------------------------

Ben
    $300 13
Louis Braille

Ben
    $300 3
cheese

Ana
    $300 6
(Tarun: What is algebra?)

multiplication

Tarun
Triple Stumper
    $400 29
(Ben: What are...[time]?)
....
[buzzer sounds to end the round]

Tigers & Bengals

TarunBen
    $900 25
Monopoly

Ana
    $400 20
Pittsburgh

Ben
    $400 14
George Washington Carver

Ben
    $400 11
Salem

Ben
    $400 7
identification

Ana
    $500 26
(Ana: What is ------?)

Pictionary

Ana
Triple Stumper
    $500 21
Guam

Ana
    $500 15
Juliette Gordon Low

Ana
    $500 12
silk

Ana
    $500 8
Reconstruction

Ana

Scores at the first commercial break (after clue 13):

Tarun Ana Ben
$0 $1,600 $1,000

Scores at the end of the Jeopardy! Round:

Tarun Ana Ben
$600 $3,800 $1,700

Double Jeopardy! Round responses

AMERICAN HISTORY
HARRY POTTER
FAMOUS PAINTINGS
"NORTH" POLL
MONEY PROBLEMS
(Alex: You don't have to worry about that yet!)
FOREIGN NAMES
    $200 6
(Tarun: What is the Emancipation....what is...[time]?)

the Gettysburg Address

TarunBen
    $200 2
Muggle

Tarun
    $200 19
(Ana: What is -----?)

Adam & Eve

Ana
Triple Stumper
    $200 22
North Carolina & North Dakota

Ben
    $200 16
34 (20 + 10 + 4)

Ben
    $200 4
Victoria

Ben
    $400 10
1976

Ana
    $400 3
Lord Voldemort

Ben
    $400 20
church

Ana
    $400 23
the North Star

Ana
    $400 17
7 (.40 X 7 = $2.80)

Tarun
    $400 5
(Ben: What is....[time]?)

"hey-sus"

AnaBen
    $600 1
the Alamo

Ana
    $600 13
Azkaban

Ana
    $600 21
(Alex: With a minute to go.)

landscape

Ben
    $600 24
North Korea

Ben
    $600 18
(Tarun: What is...[time]?)

$15.40

TarunAna
    $600 7
Pierre

Triple Stumper
    $800 11
Lewis & Clark

Tarun
    $800 14
Hogwarts

Ben
    $800 25
the Northwest Territory

Triple Stumper
    $500 8
Elian (Gonzalez)

Ben
    $400 12
(Tarun: What is the English embassy?)

Jamestown

Tarun
    $1000 15
the Dursleys

Tarun
    $1000 26
[buzzer sounds to end the round]

the North Sea

Ben
    $1000 9
Vladimir

Ana

Scores at the end of the Double Jeopardy! Round:

Tarun Ana Ben
$1,800 $8,000 $6,000

[wagering suggestions for these scores]

Final Jeopardy! Round responses

LEGENDARY HEROES
TarunWho is Hercules?
$0
BenWho is Hercules?
$5,999
AnaWho was William Tell
$200
William Tell

Final scores:

Tarun Ana Ben
$1,800 $8,200 $1
2nd place: MyPoints.com gift certificate + a trip for 4 to the Hilton Hawaiian Village, Oahu, Hawaii Winner: $8,200 + a trip for 4 to the Hilton Hawaiian Village, Oahu, Hawaii 3rd place: MyPoints.com gift certificate + a trip for 4 to the Hilton Hawaiian Village, Oahu, Hawaii

Game dynamics:

Coryat scores:

Tarun Ana Ben
$2,200 $7,500 $6,300
11 R,
5 W
(including 1 DD)
19 R
(including 1 DD),
3 W
17 R
(including 1 DD),
2 W

Combined Coryat: $16,000

The J! Archive is created by fans, for fans. The Jeopardy! game show and all elements thereof, including but not limited to copyright and trademark thereto, are the property of Jeopardy Productions, Inc. and are protected under law. This website is not affiliated with, sponsored by, or operated by Jeopardy Productions, Inc. Join the discussion at JBoard.tv.